| 000 | 01101nam a22003257a 4500 | ||
|---|---|---|---|
| 003 | CHAP | ||
| 005 | 20220329133535.0 | ||
| 008 | 971013s1993 mx a r 00010 spa d | ||
| 010 | _a7620 | ||
| 011 | _a8592 | ||
| 035 | _a7821 | ||
| 040 | _cCHAP | ||
| 090 | _aTesis | ||
| 100 | 0 | 0 |
_aRojas Martínez, Marco Antonio. _999340 |
| 245 | 1 | _aBases para el diseño funcional de invernaderos | |
| 260 |
_aChapingo, Méx. : _bEl autor, _c1993 |
||
| 300 |
_a172 h. _b: gráfs |
||
| 502 | _aTesis (Ing. Mecánico Agric.) -- UACH. Departamento de Ingeniería Mecánica Agrícola | ||
| 590 |
_aALEPH _b10 _c20130110 _lUCH01 _h1220 |
||
| 590 |
_aBATCH-UPD _b10 _c20130110 _lUCH01 _h1632 |
||
| 590 |
_aBATCH-UPD _b10 _c20130410 _lUCH01 _h1024 |
||
| 590 |
_aBATCH-UPD _b10 _c20130914 _lUCH01 _h1653 |
||
| 590 |
_aCONVERSION _b10 _c20130109 _lUCH01 _h1305 |
||
| 650 | 1 | 4 |
_aInvernaderos. _960172 |
| 710 | 0 |
_aUACH. Departamento de Ingeniería Mecánica Agrícola. _9115872 |
|
| 901 | _aBK | ||
| 942 | _cFOLL | ||
| 949 |
_bBC _cTES _d-17685 _eTS1 _h26227 _i7821 _si |
||
| 949 |
_bBC _cTES _d33724000934592 _eTS2 _fc.2 _h26228 _i7821 _si |
||
| 999 |
_c7620 _d7620 |
||